Central Library OPAC University of Rajshahi

নির্বাচিত শেক্সপীয়ার রচনাবলী / (Record no. 64259)

MARC details
000 -LEADER
fixed length control field 00871nam a2200229 a 4500
001 - CONTROL NUMBER
control field 64259
003 - CONTROL NUMBER IDENTIFIER
rucl marc code BD-RjUL
005 - DATE AND TIME OF LATEST TRANSACTION
control field 20211209081303.0
008 - FIXED-LENGTH DATA ELEMENTS--GENERAL INFORMATION
fixed length control field 171202s2006 bg ||||| |||| 00| 0 ben d
020 ## - INTERNATIONAL STANDARD BOOK NUMBER
Terms of availability : Tk. 130.00
035 ## - SYSTEM CONTROL NUMBER
System control number (BD-RjUL)64389
040 ## - CATALOGING SOURCE
Original cataloging agency BD-RjUL
Language of cataloging ben
Transcribing agency BD-RjUL
Modifying agency BD-RjUL
041 ## - LANGUAGE CODE
Language code of text/sound track or separate title ben
082 ## - DEWEY DECIMAL CLASSIFICATION NUMBER
Edition number 23
Classification number 822.33
Author mark and year NAN 2006
100 ## - MAIN ENTRY--PERSONAL NAME
Personal name নাসির, কাজী
9 (RLIN) 145564
245 10 - TITLE STATEMENT
Title নির্বাচিত শেক্সপীয়ার রচনাবলী /
Statement of responsibility, etc. অনুবাদক ও লেখকঃ কাজী নাসির
260 ## - PUBLICATION, DISTRIBUTION, ETC. (IMPRINT)
Place of publication, distribution, etc. বগুড়া :
Name of publisher, distributor, etc. টিয়া প্রকাশনী,
Date of publication, distribution, etc. ২০০৬
300 ## - PHYSICAL DESCRIPTION
Pagination ১৫৮ পৃ. ;
Size ২৫ সেমি.
600 ## - SUBJECT ADDED ENTRY--PERSONAL NAME
Personal name শেক্সপীয়র, উইলিয়াম
Personal name Shakespeare, William
942 ## - ADDED ENTRY ELEMENTS (KOHA)
Source of classification or shelving scheme Dewey Decimal Classification
Koha item type Books
Holdings
Lost status Source of classification or shelving scheme Damaged status Not for loan Collection code Permanent Location Current Location Shelving location Date acquired Source of acquisition Cost, normal purchase price Total Checkouts Full call number Date last seen Copy number Koha item type
  Dewey Decimal Classification   Not For Loan Non-fiction Central Library, University of Rajshahi Central Library, University of Rajshahi Reading Room 01/08/2006 Tia Prokasoni 130.00   B 822.33 NAN 2006 12/02/2017 C-1 Books